[Event "Moscow-Open 2021_A"]
[Site "Moscow"]
[Date "2021.02.28"]
[Round "9.43"]
[White "Sabirov, Timur"]
[Black "Amirdzhanyan, Vladimir"]
[Result "0-1"]
[WhiteElo "2048"]
[BlackElo "1828"]
[PlyCount "160"]
[EventDate "2021.02.20"]

1. c4 c5 2. Nc3 Nf6 3. g3 d5 4. cxd5 Nxd5 5. Bg2 Nc7 6. d3 Nc6 7. Bxc6+ bxc6 8.
Qa4 Bd7 9. Be3 e5 10. Nf3 f6 11. Ne4 Ne6 12. Rc1 Qb6 13. Nfd2 Be7 14. Nb3 Qb4+
15. Qxb4 cxb4 16. Nec5 a5 17. Na4 Bd6 18. O-O Ke7 19. f4 exf4 20. gxf4 g5 21.
fxg5 Rhg8 22. Nbc5 Bxc5 23. Bxc5+ Nxc5 24. Rxc5 Rxg5+ 25. Rxg5 fxg5 26. e4 Rg8
27. Kg2 g4 28. Nc5 Bc8 29. Kf2 h5 30. Rg1 h4 31. Nb3 a4 32. Nc5 Rf8+ 33. Ke2 a3
34. b3 g3 35. hxg3 Bg4+ 36. Ke1 h3 37. Rf1 Rf3 38. Rf2 Rxg3 39. Kf1 Re3 40. Kg1
Be2 41. Na6 Bxd3 42. Nxb4 Bxe4 43. Kh2 Kd6 44. Nc2 Rc3 45. Nxa3 Bd5 46. Nc2 Kc5
47. Ne1 Be4 48. Re2 Bb1 49. Rf2 Kd4 50. Nf3+ Ke3 51. Kg3 Be4 52. Nd2 Bd5 53.
Nf1+ Kd4+ 54. Kh2 Bg2 55. Rd2+ Kc5 56. Ng3 Rc1 57. Nf5 Rh1+ 58. Kg3 Rf1 59. Nh4
Rg1 60. Kh2 Rh1+ 61. Kg3 Bd5 62. Nf5 Be6 63. Rc2+ Kb6 64. Nd4 Bd7 65. b4 Rd1
66. Ne2 Rd3+ 67. Kh2 Kb5 68. Rb2 Bg4 69. Nc1 Rc3 70. Nb3 Kxb4 71. Na1+ Ka3 72.
Rc2 Rxc2+ 73. Nxc2+ Ka4 74. Ne1 Bf5 75. Nf3 c5 76. Nd2 Kb4 77. Kg3 Bd7 78. Ne4
c4 79. Nf6 Be6 80. Ne4 c3 0-1

[Event "Moscow-Open 2021_A"]
[Site "Moscow"]
[Date "2021.02.28"]
[Round "9.44"]
[White "Bogaudinov, Rushan"]
[Black "Andreev, Konstantin"]
[Result "1/2-1/2"]
[WhiteElo "2016"]
[BlackElo "1819"]
[PlyCount "100"]
[EventDate "2021.02.20"]

1. d4 Nf6 2. Nf3 d5 3. c4 e6 4. Nc3 dxc4 5. e3 a6 6. Bxc4 b5 7. Be2 Bb7 8. O-O
Nbd7 9. a3 c5 10. dxc5 Bxc5 11. b4 Be7 12. Bb2 O-O 13. Rc1 Qb6 14. Bd3 Rfd8 15.
Qe2 Rac8 16. Bb1 Qa7 17. e4 Nb6 18. e5 Nfd5 19. Ne4 Nc4 20. Neg5 Bxg5 21. Nxg5
h6 22. Ne4 Nf4 23. Nf6+ Kf8 24. Qg4 Nd3 25. Nh5 g6 26. Bxd3 gxh5 27. Qf4 Rxd3
28. Qxh6+ Ke8 29. Qh8+ Kd7 30. Qh7 Rd2 31. Qxf7+ Kc6 32. Qxe6+ Kc7 33. Bc3 Rd7
34. Rfd1 Rg7 35. g3 Qb6 36. Qxb6+ Kxb6 37. Bd4+ Kc6 38. f4 Rd7 39. e6 Rd5 40.
Bc5 Re8 41. e7 Kd7 42. a4 Nb2 43. Rxd5+ Bxd5 44. axb5 axb5 45. f5 Nd3 46. Rd1
Be4 47. f6 Ke6 48. Bd4 Kf7 49. h3 Rc8 50. Kh2 Rc4 1/2-1/2

[Event "Moscow-Open 2021_A"]
[Site "Moscow"]
[Date "2021.02.28"]
[Round "9.45"]
[White "Petrovsky, Nikita"]
[Black "Zulpikarov, Ruslan"]
[Result "1-0"]
[WhiteElo "2006"]
[BlackElo "1647"]
[PlyCount "71"]
[EventDate "2021.02.20"]

1. e4 e5 2. Nf3 Nc6 3. Bb5 a6 4. Ba4 d6 5. c3 Nf6 6. O-O Bg4 7. Re1 b5 8. Bc2
Be7 9. d3 O-O 10. Nbd2 Re8 11. Nf1 Bf8 12. h3 Bxf3 13. Qxf3 g6 14. Bg5 Bg7 15.
Ne3 h6 16. Bh4 g5 17. Bg3 Ne7 18. Rad1 Ng6 19. Nf5 Ne7 20. Nxh6+ Bxh6 21. Qxf6
Ng6 22. Qf3 Re6 23. d4 Qe7 24. Bb3 Rf6 25. Qg4 Rd8 26. h4 Nxh4 27. dxe5 dxe5
28. Rxd8+ Qxd8 29. Bxh4 Rf4 30. Qh5 Rxh4 31. Qxf7+ Kh8 32. g3 Rh3 33. Be6 g4
34. Bxg4 Bd2 35. Rd1 Rh7 36. Rxd2 1-0

[Event "Moscow-Open 2021_A"]
[Site "Moscow"]
[Date "2021.02.28"]
[Round "9.46"]
[White "Akhmedov, David"]
[Black "Gvanceladze, Anna"]
[Result "1-0"]
[WhiteElo "1866"]
[BlackElo "2254"]
[PlyCount "53"]
[EventDate "2021.02.20"]

1. e4 c6 2. d4 d5 3. Nd2 dxe4 4. Nxe4 Nf6 5. Ng3 h5 6. Be2 h4 7. Nf1 Nbd7 8.
Nf3 Qc7 9. N1d2 h3 10. g3 c5 11. c3 cxd4 12. cxd4 b6 13. O-O Bb7 14. Nc4 Qc6
15. Bf4 Nh5 16. Be3 Qd5 17. Nce5 Rc8 18. Nxd7 f6 19. Nxf8 Kxf8 20. Qb3 Qe4 21.
Rfc1 Rd8 22. Qc2 Qd5 23. Qg6 Ba6 24. Bxa6 Qxf3 25. Bf1 Nxg3 26. Qxg3 Qf5 27.
Be2 1-0

[Event "Moscow-Open 2021_A"]
[Site "Moscow"]
[Date "2021.02.28"]
[Round "9.48"]
[White "Voinikonis, Nikita"]
[Black "Bratov, Ademir"]
[Result "1-0"]
[WhiteElo "2208"]
[BlackElo "1813"]
[PlyCount "99"]
[EventDate "2021.02.20"]

1. e4 e5 2. Nf3 Nc6 3. Bb5 Nge7 4. O-O g6 5. c3 Bg7 6. d4 exd4 7. cxd4 d5 8.
exd5 Nxd5 9. Bg5 Qd6 10. Re1+ Be6 11. Nc3 Nxc3 12. bxc3 O-O 13. Qd2 a6 14. Bf4
Qd7 15. Ba4 b5 16. Bb3 Bxb3 17. axb3 b4 18. Red1 Rfd8 19. Be3 a5 20. c4 Ne7 21.
Bh6 Bxh6 22. Qxh6 Nf5 23. Qf4 c5 24. d5 Qd6 25. Qg5 Re8 26. g4 Ng7 27. Qh4 Qf4
28. Qg3 Qxg3+ 29. hxg3 f6 30. Ra4 Ra6 31. Rda1 Rea8 32. Ne1 f5 33. g5 Ne8 34.
Nd3 Nd6 35. Nxc5 R6a7 36. f3 Nc8 37. R4a2 Nb6 38. Kf2 a4 39. Nxa4 Nxa4 40. Rxa4
Rxa4 41. bxa4 Rc8 42. Rc1 b3 43. a5 b2 44. Rb1 Rxc4 45. Rxb2 Ra4 46. Rb8+ Kf7
47. Rb7+ Kf8 48. Ra7 Rd4 49. a6 Rxd5 50. Rxh7 1-0

[Event "Moscow-Open 2021_A"]
[Site "Moscow"]
[Date "2021.02.28"]
[Round "9.49"]
[White "Boktaev, Adyan"]
[Black "Mikhnenko, Alexander"]
[Result "0-1"]
[WhiteElo "1808"]
[BlackElo "2129"]
[PlyCount "74"]
[EventDate "2021.02.20"]

1. d4 d5 2. c4 dxc4 3. e3 Nf6 4. Bxc4 e6 5. Nf3 a6 6. Bd3 c5 7. Nc3 b5 8. dxc5
Bxc5 9. O-O Bb7 10. a3 Nc6 11. b4 Bd6 12. Ne4 Nxe4 13. Bxe4 f5 14. Bxc6+ Bxc6
15. Bb2 O-O 16. Qd4 Qe7 17. Ne5 Bd5 18. f4 Rfc8 19. Rac1 Qb7 20. Qd2 h6 21. h3
Qe7 22. Rxc8+ Rxc8 23. Rc1 Rxc1+ 24. Qxc1 Kh7 25. Qe1 Qe8 26. Qg3 Be7 27. Nd7
Qf7 28. Bd4 Bd8 29. Nc5 a5 30. Nd3 axb4 31. axb4 Be7 32. Kh2 Be4 33. Nc5 Bd5
34. Nd3 Bf6 35. Ne5 Qe8 36. Kg1 Qh5 37. Kh2 Bh4 0-1

[Event "Moscow-Open 2021_A"]
[Site "Moscow"]
[Date "2021.02.28"]
[Round "9.50"]
[White "Zhuk, Kirill"]
[Black "Shaymardanov, Bakhtiyar"]
[Result "1-0"]
[WhiteElo "2054"]
[BlackElo "1702"]
[PlyCount "115"]
[EventDate "2021.02.20"]

1. e4 e6 2. d4 d5 3. Nc3 Nf6 4. e5 Nfd7 5. Nce2 c5 6. c3 Nc6 7. Nf3 f6 8. Nf4
Nb6 9. Bb5 Bd7 10. Bxc6 bxc6 11. O-O cxd4 12. cxd4 Be7 13. Re1 O-O 14. exf6
Rxf6 15. Ne5 Bd6 16. b3 Qe7 17. Qg4 Raf8 18. Nfd3 Rf5 19. h4 Be8 20. Bg5 Qc7
21. Nf3 Bf7 22. Nde5 Be8 23. Rac1 Kh8 24. Qh3 Nc8 25. g4 Rxf3 26. Nxf3 Bg6 27.
Be3 h6 28. h5 Be4 29. Nd2 Bh7 30. Qg2 e5 31. dxe5 Bxe5 32. Bc5 Rd8 33. Re2 Bf4
34. Rce1 Qd7 35. Qf3 Bg5 36. Qg3 Qf7 37. Be3 Bf6 38. Nf3 Nd6 39. Nd2 Bd3 40.
Bb6 axb6 41. Qxd3 Nb5 42. Qg6 Nd6 43. Qxf7 Nxf7 44. Re8+ Kh7 45. Rxd8 Nxd8 46.
Nf3 c5 47. Rd1 d4 48. Nd2 Nc6 49. Nc4 Nb4 50. Nxb6 Nxa2 51. Na4 Bg5 52. Nxc5
Nc3 53. Rd3 Be7 54. Ne6 Ne2+ 55. Kf1 Nc1 56. Rxd4 Nxb3 57. Rd7 Bf6 58. Kg2 1-0

[Event "Moscow-Open 2021_A"]
[Site "Moscow"]
[Date "2021.02.28"]
[Round "9.51"]
[White "Pestryakov, Nikita"]
[Black "Averin, Nikolay"]
[Result "1/2-1/2"]
[WhiteElo "1978"]
[BlackElo "1818"]
[PlyCount "84"]
[EventDate "2021.02.20"]

1. e4 c5 2. c3 Nf6 3. e5 Nd5 4. d4 cxd4 5. Nf3 Nc6 6. Bc4 Nb6 7. Bb3 d6 8. exd6
dxc3 9. Nxc3 exd6 10. O-O Be7 11. Re1 Bg4 12. h3 Bh5 13. Nd5 Nxd5 14. Qxd5 Qa5
15. Qxa5 Nxa5 16. Ba4+ Kd8 17. Nd4 Bg6 18. Bd2 Nc4 19. Bc3 Bf6 20. Rad1 a6 21.
Bb3 Rc8 22. f4 Bh4 23. Re2 Bg3 24. f5 Bh5 25. Nf3 f6 26. Re4 b5 27. Rd3 Re8 28.
Rxe8+ Kxe8 29. Nd4 Be5 30. Ne6 Be2 31. Nxg7+ Kf7 32. Re3 Bd1 33. Bxc4+ Rxc4 34.
Ne6 Bc2 35. Bxe5 dxe5 36. g4 h5 37. b3 Rc8 38. Kf2 Ke7 39. Nf4 hxg4 40. hxg4
Kf7 41. Ne6 Ke7 42. Rh3 Bd1 1/2-1/2

[Event "Moscow-Open 2021_A"]
[Site "Moscow"]
[Date "2021.02.28"]
[Round "9.52"]
[White "Bachaliashvili, Eduard"]
[Black "Bugaev, Anton"]
[Result "1-0"]
[WhiteElo "1949"]
[BlackElo "1648"]
[PlyCount "89"]
[EventDate "2021.02.20"]

1. e4 c5 2. Nf3 e6 3. b3 Nc6 4. Bb2 d5 5. Bb5 Nf6 6. e5 Nd7 7. O-O Be7 8. Bxc6
bxc6 9. d3 O-O 10. Nbd2 a5 11. a4 Ba6 12. Re1 Rb8 13. Bc3 Qc7 14. Nf1 c4 15.
bxc4 dxc4 16. d4 Bb4 17. Bxb4 axb4 18. Ng5 h6 19. Ne4 c5 20. Qg4 cxd4 21. Nf6+
Kh8 22. Nh5 g6 23. Nf6 Nxf6 24. exf6 Qc5 25. Qf4 Kh7 26. Rad1 Qf5 27. Qxd4 Qxc2
28. Ne3 Qxa4 29. Ng4 h5 30. Ra1 Qb5 31. Re5 Rbd8 32. Qf4 hxg4 33. Rxb5 Bxb5 34.
Qxg4 Rd5 35. Qh4+ Rh5 36. Qf4 Rd5 37. g4 g5 38. Qe4+ Kg8 39. Qe3 Kh7 40. Qe4+
Kg8 41. f4 b3 42. f5 b2 43. Re1 Re8 44. Qe3 exf5 45. Qxg5+ 1-0

[Event "Moscow-Open 2021_A"]
[Site "Moscow"]
[Date "2021.02.28"]
[Round "9.53"]
[White "Korelskiy, Egor"]
[Black "Rudakov, Sergey S"]
[Result "1-0"]
[WhiteElo "1371"]
[BlackElo "1926"]
[PlyCount "71"]
[EventDate "2021.02.20"]

1. g3 e5 2. c4 h5 3. h4 Nf6 4. Bg2 Bc5 5. Nc3 c6 6. e3 Qe7 7. Nge2 e4 8. Qc2 d5
9. cxd5 cxd5 10. b4 Bd6 11. Nxd5 Qe6 12. Nxf6+ gxf6 13. Nd4 Qd7 14. Bh3 f5 15.
Bxf5 Qxf5 16. Nxf5 Bxf5 17. Bb2 Rg8 18. a3 Nc6 19. b5 Ne7 20. Bd4 Kd7 21. Qb2
Rgc8 22. O-O b6 23. Rfc1 Rg8 24. Be5 Bc5 25. a4 Nd5 26. a5 Nb4 27. axb6 axb6
28. Rxa8 Rxa8 29. Ra1 Rc8 30. Ra7+ Ke8 31. Bc7 Nd5 32. Qh8+ Kd7 33. Bxb6+ Kd6
34. Bxc5+ Kxc5 35. Qd4+ Kd6 36. Ra6+ 1-0

[Event "Moscow-Open 2021_A"]
[Site "Moscow"]
[Date "2021.02.28"]
[Round "9.55"]
[White "Gornostaev, Yakov"]
[Black "Yurasov, Matfey"]
[Result "1-0"]
[WhiteElo "1888"]
[BlackElo "1402"]
[PlyCount "64"]
[EventDate "2021.02.20"]

1. Nf3 Nf6 2. g3 g6 3. Bg2 d5 4. O-O Bg7 5. d4 c6 6. Nbd2 O-O 7. c3 Nbd7 8. Re1
Re8 9. e4 dxe4 10. Nxe4 Nxe4 11. Rxe4 Nf6 12. Re1 Bf5 13. Qb3 Qb6 14. Ne5 Be6
15. Qc2 Bf5 16. Qe2 Rad8 17. a4 Qc7 18. a5 Nd5 19. Nc4 a6 20. Ne3 Nxe3 21. Bxe3
Qd7 22. Qc4 Be6 23. Qb4 Bf5 24. Rad1 Be6 25. c4 c5 26. Qxc5 Rc8 27. Qb6 Bxc4
28. Bxb7 Rb8 29. Bc6 Qe6 30. Qc5 Rbc8 31. d5 Qe4 32. f3 Qc2 1-0

[Event "Moscow-Open 2021_A"]
[Site "Moscow"]
[Date "2021.02.28"]
[Round "9.56"]
[White "Kirushin, Ivan"]
[Black "Isaev, Magomed"]
[Result "1-0"]
[WhiteElo "1765"]
[BlackElo "2196"]
[PlyCount "63"]
[EventDate "2021.02.20"]

1. e4 c6 2. g3 g6 3. Bg2 Bg7 4. Nc3 e5 5. Nge2 Nf6 6. d4 d6 7. dxe5 dxe5 8.
Qxd8+ Kxd8 9. f4 Be6 10. fxe5 Ng4 11. Bh3 Nd7 12. Nf4 Ndxe5 13. Nxe6+ fxe6 14.
Bxg4 Nxg4 15. Bg5+ Kc7 16. h3 Ne5 17. O-O-O Rae8 18. Ne2 Nf3 19. Bf4+ e5 20.
Be3 Rd8 21. Rdf1 Rhf8 22. Rf2 b6 23. Rhf1 Nh2 24. Rf7+ Kc8 25. R1f2 Rxf7 26.
Rxf7 Rf8 27. Rxg7 Rf1+ 28. Kd2 Nf3+ 29. Kc3 Re1 30. Rf7 Nh2 31. Kd2 Ra1 32. Nc1
1-0

[Event "Moscow-Open 2021_A"]
[Site "Moscow"]
[Date "2021.02.28"]
[Round "9.57"]
[White "Talalov, Anton"]
[Black "Sviridov, Vladislav"]
[Result "0-1"]
[WhiteElo "1766"]
[BlackElo "2123"]
[PlyCount "90"]
[EventDate "2021.02.20"]

1. e4 e5 2. Nf3 Nf6 3. Nc3 Nc6 4. Bb5 Bb4 5. O-O O-O 6. d3 d6 7. Bg5 Be6 8. a3
Bc5 9. Bxc6 bxc6 10. d4 exd4 11. Nxd4 Qd7 12. Bxf6 gxf6 13. b4 Bb6 14. Na4 f5
15. Nxb6 axb6 16. exf5 Bxf5 17. Qf3 Bg6 18. c3 c5 19. Ne2 Qf5 20. Nf4 Kh8 21.
Nxg6+ fxg6 22. Qxf5 Rxf5 23. Rfe1 Kg7 24. f3 Ra4 25. Kf2 Kf6 26. Re3 Re5 27.
Rd3 Ke7 28. g3 Kd7 29. f4 Re8 30. Rd2 Kc6 31. Re2 Rxe2+ 32. Kxe2 d5 33. Kd3 Kb5
34. Kc2 cxb4 35. cxb4 c5 36. bxc5 bxc5 37. Kb3 c4+ 38. Kb2 Kc5 39. Re1 Ra7 40.
Re8 Kd4 41. Re1 c3+ 42. Kb3 Rb7+ 43. Kc2 Rb2+ 44. Kc1 Ra2 45. Re7 Kd3 0-1

[Event "Moscow-Open 2021_A"]
[Site "Moscow"]
[Date "2021.02.28"]
[Round "9.59"]
[White "Ponomarev, Andrey A"]
[Black "Efimov, Leonid"]
[Result "1/2-1/2"]
[WhiteElo "1893"]
[BlackElo "1764"]
[PlyCount "123"]
[EventDate "2021.02.20"]

1. e4 c5 2. Nf3 d6 3. d4 cxd4 4. Nxd4 Nf6 5. Nc3 g6 6. Be3 Bg7 7. f3 Nc6 8. Qd2
O-O 9. Bc4 Nxd4 10. Bxd4 Be6 11. Bb3 Qa5 12. O-O Rfc8 13. Rad1 b5 14. Bxe6 fxe6
15. a3 Rc4 16. Bf2 Rac8 17. Qe3 Nd7 18. Qg5 Bf6 19. Qxb5 Qxb5 20. Nxb5 Rxc2 21.
Nxa7 Rb8 22. b4 Rb7 23. Rb1 Rxf2 24. Rxf2 Rxa7 25. Ra2 Nb6 26. Kf2 Kf7 27. Ke3
Ke8 28. Kd3 Kd7 29. Rc1 h5 30. f4 e5 31. g3 exf4 32. gxf4 g5 33. fxg5 Bxg5 34.
Rf1 Bf6 35. Rf5 h4 36. Rb5 Kc6 37. Rh5 Ra8 38. Kc2 Rg8 39. Kd3 Nd7 40. a4 Ne5+
41. Ke3 Ra8 42. Kd4 Kb6 43. Kd5 Rc8 44. Rf5 Nd3 45. Ke6 Rc4 46. a5+ Ka7 47.
Rxf6 exf6 48. Kxd6 Nxb4 49. Re2 Rc6+ 50. Ke7 Nd3 51. Re3 Ne5 52. Re2 Ka6 53.
Rf2 Ng4 54. Rf4 Nxh2 55. Rxh4 Nf3 56. Rf4 Rc3 57. Rxf6+ Kxa5 58. e5 Nxe5 59.
Rf5 Rc5 60. Ke6 Kb4 61. Rxe5 Rxe5+ 62. Kxe5 1/2-1/2

[Event "Moscow-Open 2021_A"]
[Site "Moscow"]
[Date "2021.02.28"]
[Round "9.61"]
[White "Shakhov, Dmitriy"]
[Black "Finkelstein, Alexander"]
[Result "1-0"]
[WhiteElo "1738"]
[BlackElo "1833"]
[PlyCount "45"]
[EventDate "2021.02.20"]

1. d4 e6 2. c4 d5 3. Nc3 Nf6 4. Bg5 Nbd7 5. Nf3 Bb4 6. e3 c5 7. Bd3 Qa5 8. O-O
cxd4 9. exd4 dxc4 10. Bxc4 Bxc3 11. bxc3 Qxc3 12. Rc1 Qa5 13. d5 Nxd5 14. Bxd5
Qxd5 15. Qa4 O-O 16. Rfd1 Nb6 17. Qb4 f6 18. Rxd5 Nxd5 19. Qd6 fxg5 20. Nxg5
Re8 21. Re1 b6 22. Qxd5 Ba6 23. Rxe6 1-0

[Event "Moscow-Open 2021_A"]
[Site "Moscow"]
[Date "2021.02.28"]
[Round "9.62"]
[White "Zhugin, Nikolay"]
[Black "Kuznetsov, Ivan V"]
[Result "1-0"]
[WhiteElo "1646"]
[BlackElo "1831"]
[PlyCount "77"]
[EventDate "2021.02.20"]

1. e4 c5 2. Nf3 Nc6 3. d4 cxd4 4. Nxd4 Nf6 5. Nc3 e5 6. Ndb5 d6 7. Bg5 a6 8.
Bxf6 gxf6 9. Na3 b5 10. Nd5 Bg7 11. g3 O-O 12. Bg2 Rb8 13. c3 Ne7 14. Nxe7+
Qxe7 15. Nc2 f5 16. exf5 Bxf5 17. Nb4 Qd7 18. Nxa6 Rb6 19. Nb4 Bh3 20. O-O Bxg2
21. Kxg2 f5 22. f4 e4 23. Nd5 Rbb8 24. Qb3 Kh8 25. Rad1 Qf7 26. Ne3 Qxb3 27.
axb3 b4 28. c4 Bxb2 29. Rxd6 Ra8 30. Nd5 Bd4 31. Rd7 Ra2+ 32. Kh3 Rd2 33. Rh1
Bc3 34. Re7 Rb2 35. Ra1 Bd4 36. Rd1 Bc3 37. c5 Rc8 38. c6 Rxc6 39. Nf6 1-0

[Event "Moscow-Open 2021_A"]
[Site "Moscow"]
[Date "2021.02.28"]
[Round "9.63"]
[White "Lebedev, Artem S"]
[Black "Khripachenko, Alexander"]
[Result "0-1"]
[WhiteElo "1623"]
[BlackElo "1825"]
[PlyCount "112"]
[EventDate "2021.02.20"]

1. e4 c5 2. Nf3 a6 3. d4 cxd4 4. Nxd4 Nf6 5. Nc3 e5 6. Nb3 Bb4 7. Bd3 d5 8.
exd5 Nxd5 9. Bd2 Bxc3 10. bxc3 Nc6 11. O-O O-O 12. c4 Nde7 13. f4 exf4 14. Bxf4
Be6 15. Kh1 Ng6 16. Bg3 Qg5 17. Qd2 Qxd2 18. Nxd2 Nge5 19. Bxe5 Nxe5 20. Rae1
Nxd3 21. cxd3 Rfd8 22. Re3 b5 23. Rc1 Rac8 24. h3 h6 25. Kg1 Rc6 26. Rb1 bxc4
27. Nxc4 Bxc4 28. dxc4 Rd2 29. a3 Rxc4 30. Kh1 Ra2 31. Rg3 g6 32. Rb7 Rf2 33.
Re3 h5 34. Rb4 Rcc2 35. Rg3 Rc5 36. Kg1 Ra2 37. Rb7 Rf5 38. Rb4 Kg7 39. Ra4 a5
40. Rf3 Rg5 41. Rf2 Ra1+ 42. Rf1 Rxf1+ 43. Kxf1 Rb5 44. Kf2 Kf6 45. g4 Ke6 46.
Kf3 Re5 47. Kf2 Rc5 48. Kf3 Kf6 49. Kf4 Rd5 50. Ke4 Rb5 51. Kf4 Rc5 52. Kg3
hxg4 53. Kxg4 Ke5 54. h4 Rd5 55. h5 Rd4+ 56. Rxd4 gxh5+ 0-1

[Event "Moscow-Open 2021_A"]
[Site "Moscow"]
[Date "2021.02.28"]
[Round "9.65"]
[White "Kleimenov, Nikolay"]
[Black "Shturman, Arseniy"]
[Result "0-1"]
[WhiteElo "1600"]
[BlackElo "1782"]
[PlyCount "84"]
[EventDate "2021.02.20"]

1. e4 c5 2. Nc3 Nc6 3. f4 g6 4. Nf3 Bg7 5. g3 e6 6. Bg2 Nge7 7. O-O d6 8. d3
O-O 9. g4 f5 10. h3 Rb8 11. Ne2 d5 12. e5 b5 13. d4 c4 14. Bd2 b4 15. a3 Qc7
16. g5 Bd7 17. h4 Rb7 18. h5 Rfb8 19. hxg6 hxg6 20. Kf2 Nc8 21. Rh1 Bf8 22. Rh3
Bg7 23. Qh1 bxa3 24. bxa3 N8e7 25. Rg1 Rb2 26. Ne1 Qb6 27. Bc3 Ra2 28. Bd2 Nxd4
29. Be3 Nec6 30. Nc3 Rxa3 31. Nxd5 Qb2 32. Nf6+ Kf7 33. Nxd7 Nxc2 34. Nf3 Nxe3+
35. Kg3 Ng4 36. Rf1 Rd8 37. Nf6 Ra2 38. Nxg4 fxg4 39. Rh7 Qxg2+ 40. Qxg2 Rxg2+
41. Kxg2 gxf3+ 42. Kxf3 c3 0-1

[Event "Moscow-Open 2021_A"]
[Site "Moscow"]
[Date "2021.02.28"]
[Round "9.66"]
[White "Basiev, Georgiy"]
[Black "Karapetyan, Alexander"]
[Result "0-1"]
[WhiteElo "1448"]
[BlackElo "1782"]
[PlyCount "78"]
[EventDate "2021.02.20"]

1. d4 Nf6 2. Nf3 g6 3. Bf4 Bg7 4. e3 O-O 5. Be2 Ne4 6. Nbd2 Nxd2 7. Qxd2 d6 8.
O-O Nd7 9. c4 e5 10. Bg3 f5 11. dxe5 Nxe5 12. Qd5+ Nf7 13. Rfd1 Bxb2 14. Rab1
Bf6 15. a4 a5 16. Rd2 Qe8 17. Bd1 c6 18. Qd3 f4 19. Bxf4 Bf5 20. Qb3 Bxb1 21.
Qxb1 Qe7 22. Bc2 Ne5 23. Kh1 Nxf3 24. gxf3 Be5 25. Bh6 Rxf3 26. Kg2 Rf7 27. f4
Bg7 28. Bg5 Qxe3 29. Rxd6 Qe2+ 30. Kg3 Re8 31. Rd3 h6 32. Bh4 g5 33. fxg5 hxg5
34. Bxg5 Be5+ 35. Kh3 Rh7+ 36. Bh4 Qxh2+ 37. Kg4 Rxh4+ 38. Kf3 Rf4+ 39. Ke3
Qf2# 0-1

[Event "Moscow-Open 2021_A"]
[Site "Moscow"]
[Date "2021.02.28"]
[Round "9.67"]
[White "Yarikov, Artem"]
[Black "Urivskiy, Arseniy A."]
[Result "1-0"]
[WhiteElo "1778"]
[BlackElo "1422"]
[PlyCount "109"]
[EventDate "2021.02.20"]

1. e4 c5 2. Nf3 d6 3. d4 cxd4 4. Qxd4 Nc6 5. Bb5 Bd7 6. Bxc6 Bxc6 7. c4 Nf6 8.
Nc3 e6 9. O-O Be7 10. Bg5 O-O 11. Rad1 Rc8 12. Rfe1 Qa5 13. Bd2 Qc5 14. Qxc5
dxc5 15. Ne5 a6 16. Nxc6 Rxc6 17. Bf4 Nh5 18. Be5 f6 19. Rd7 Kf7 20. Bg3 Nxg3
21. hxg3 b6 22. Red1 Ra8 23. Rb7 Ke8 24. Rdd7 Bf8 25. Ra7 Rcc8 26. Kf1 a5 27.
Nb5 Rxa7 28. Rxa7 Rc6 29. Ke2 f5 30. e5 Be7 31. Rb7 Kd8 32. b3 h5 33. Na7 Rc7
34. Rb8+ Kd7 35. Nb5 Rc6 36. Rb7+ Kd8 37. Nc3 Ke8 38. Na4 Bd8 39. Rxg7 h4 40.
Rg8+ Kd7 41. g4 Bc7 42. f4 fxg4 43. Rxg4 Bd8 44. Nc3 Be7 45. Ne4 Rc8 46. Rg7
Rf8 47. Nf6+ Kd8 48. Rg8 Rxg8 49. Nxg8 Bf8 50. Kf3 Ke8 51. Kg4 Kf7 52. Nf6 Be7
53. Kxh4 Kg6 54. g4 Bd8 55. Kg3 1-0

[Event "Moscow-Open 2021_A"]
[Site "Moscow"]
[Date "2021.02.28"]
[Round "9.69"]
[White "Maslovskiy, Vladimir"]
[Black "Lunin, Aleksey"]
[Result "1-0"]
[WhiteElo "1959"]
[BlackElo "1513"]
[PlyCount "112"]
[EventDate "2021.02.20"]

1. e4 e6 2. d4 d5 3. e5 c5 4. c3 Qb6 5. Nf3 Nc6 6. a3 c4 7. Nbd2 Na5 8. Be2 Bd7
9. O-O Be7 10. Re1 O-O-O 11. Nf1 Nb3 12. Rb1 Ba4 13. N1d2 h5 14. Nxb3 Bxb3 15.
Qd2 Nh6 16. Bd1 Nf5 17. Bc2 g6 18. Qd1 Bxc2 19. Qxc2 Kb8 20. b3 cxb3 21. Rxb3
Qa6 22. Ng5 Rc8 23. Qb2 Bxg5 24. Bxg5 Rc7 25. Rb1 Rhc8 26. Rb5 Ka8 27. h3 Ne7
28. Bxe7 Rxe7 29. Qb4 Rec7 30. Ra5 Qc6 31. Rb3 b6 32. Ra6 Qb7 33. Qxb6 Qxb6 34.
Rbxb6 Rxc3 35. Rd6 Rc1+ 36. Kh2 R1c4 37. Rd7 R8c7 38. Rxc7 Rxc7 39. Rd6 Kb7 40.
a4 Rc6 41. Rd7+ Rc7 42. Rxc7+ Kxc7 43. Kg3 Kb6 44. Kf4 Ka5 45. Kg5 Kxa4 46. Kf6
Kb3 47. Kxf7 a5 48. Kxe6 a4 49. Kxd5 a3 50. e6 a2 51. e7 a1=Q 52. e8=Q Qa5+ 53.
Kd6 Qb4+ 54. Ke6 Qe1+ 55. Kf7 Qxf2+ 56. Kxg6 Qxd4 1-0

[Event "Moscow-Open 2021_A"]
[Site "Moscow"]
[Date "2021.02.28"]
[Round "9.70"]
[White "Arutyunova, Yuliya"]
[Black "Makarenko, Kirill"]
[Result "1-0"]
[WhiteElo "1802"]
[BlackElo "1507"]
[PlyCount "95"]
[EventDate "2021.02.20"]

1. b3 e5 2. c4 d6 3. Bb2 Nf6 4. Nc3 g6 5. g3 Bg7 6. Bg2 c6 7. e3 O-O 8. Nge2 d5
9. cxd5 cxd5 10. d4 e4 11. h3 Nc6 12. O-O h5 13. Nf4 Bf5 14. Qd2 Qd7 15. Kh2
Bh6 16. Rac1 g5 17. Nfe2 h4 18. Ba3 Rfe8 19. Rg1 Kh7 20. gxh4 gxh4 21. Na4 b6
22. Rc2 Qc7+ 23. Kh1 Qd7 24. Rgc1 Rac8 25. Ng1 Rc7 26. Nc3 a6 27. Na4 Rb8 28.
Qe2 b5 29. Nc5 Qc8 30. Qf1 Nd7 31. Nxe4 dxe4 32. Bd6 Rbb7 33. Bxc7 Rxc7 34. d5
Nde5 35. dxc6 Nd3 36. Rd1 Rxc6 37. Rxc6 Qxc6 38. Qxd3 Qe6 39. Qd5 Qg6 40. Qd6
Qg8 41. Rd5 Bg6 42. Qe5 Qf8 43. Bxe4 Bg7 44. Qh5+ Kg8 45. Bxg6 fxg6 46. Qxg6
Qb8 47. Qe6+ Kh8 48. e4 1-0

[Event "Moscow-Open 2021_A"]
[Site "Moscow"]
[Date "2021.02.28"]
[Round "9.71"]
[White "Druchenko, Mikhail"]
[Black "Agkatsev, Felix A"]
[Result "1-0"]
[WhiteElo "1761"]
[BlackElo "1338"]
[PlyCount "45"]
[EventDate "2021.02.20"]

1. e4 d6 2. d4 e5 3. Nf3 exd4 4. Nxd4 Nf6 5. Nc3 Be7 6. Bf4 O-O 7. Qd2 Nc6 8.
O-O-O Nxd4 9. Qxd4 Be6 10. f3 a6 11. g4 Nd7 12. Qe3 b5 13. h4 Nb6 14. h5 b4 15.
Nd5 Nxd5 16. exd5 Bd7 17. Bd3 a5 18. g5 g6 19. Rh2 Re8 20. hxg6 fxg6 21. Bxg6
hxg6 22. Qd4 Rf8 23. Qh8+ 1-0

[Event "Moscow-Open 2021_A"]
[Site "Moscow"]
[Date "2021.02.28"]
[Round "9.72"]
[White "Cherniaev, Danil"]
[Black "Bogov, Khetag"]
[Result "1/2-1/2"]
[WhiteElo "1583"]
[BlackElo "1263"]
[PlyCount "84"]
[EventDate "2021.02.20"]

1. d4 Nf6 2. Nf3 e6 3. g3 b6 4. Bg2 Bb7 5. O-O Be7 6. c4 O-O 7. Nc3 d5 8. cxd5
exd5 9. b3 Nbd7 10. Bb2 a6 11. Rc1 Bd6 12. Qc2 Re8 13. Nd2 Qe7 14. Rfe1 c5 15.
dxc5 Nxc5 16. Nf3 Rac8 17. e3 Nce4 18. Qe2 Bb4 19. Nxe4 dxe4 20. Nd2 Red8 21.
Red1 Rxc1 22. Bxc1 Qd7 23. a3 Bc3 24. Qc4 Rc8 25. Qf1 Rd8 26. Qc4 Be5 27. Rf1
b5 28. Qc2 Rc8 29. Qb1 Qc6 30. Bb2 Bxb2 31. Qxb2 Qc3 32. Qxc3 Rxc3 33. Rd1 g6
34. a4 bxa4 35. bxa4 Bc6 36. a5 Rd3 37. Rc1 Bb5 38. Nxe4 Nxe4 39. Bxe4 Ra3 40.
Bd5 Kg7 41. Rc7 Be8 42. Bc4 Ra1+ 1/2-1/2

[Event "Moscow-Open 2021_A"]
[Site "Moscow"]
[Date "2021.02.28"]
[Round "9.73"]
[White "Davidyan, Vladimir"]
[Black "Borisov, Yury"]
[Result "0-1"]
[WhiteElo "1427"]
[BlackElo "1972"]
[PlyCount "69"]
[EventDate "2021.02.20"]

1. e4 c5 2. Nf3 e6 3. d4 cxd4 4. Nxd4 a6 5. Bd3 Qc7 6. O-O Nf6 7. c4 b6 8. b3
Bd6 9. h3 Be5 10. Nc2 Bb7 11. Nd2 Bxa1 12. Nxa1 O-O 13. Bb2 d6 14. Bxf6 gxf6
15. Qh5 Nd7 16. Re1 Ne5 17. Re3 Kh8 18. Qh6 Qe7 19. Nf3 Nxd3 20. Rxd3 Bxe4 21.
Rd4 Bg6 22. h4 e5 23. Rd2 Rad8 24. h5 Bf5 25. Nh4 Be6 26. f4 f5 27. Nc2 Qxh4
28. Ne3 Qe7 29. g4 Rg8 30. fxe5 dxe5 31. Rxd8 Qxd8 32. Nd5 Rxg4+ 33. Kf1 Bxd5
34. cxd5 Qxd5 35. Qf6+ 0-1